000 01539nam a22004330a 4500
001 PT23146
003 AR-LpoUNG
005 20210201010605.0
008 201001s2005||||sp |||||||||||||||||spa d
020 _a8432312002
_c$28,53
040 _aAR-LpoUNG
_bspa
_eaacr
041 _aspa
044 _asp
082 0 _a980.037 569mem
100 1 _aHershberg, Eric
_ecomp.
245 1 0 _aMemorias militares sobre la represión en el Cono Sur :
_bvisiones en disputa en dictadura y democracia
260 _aMadrid :
_bSiglo Veintiuno,
_cmayo de 2005.
300 _aviii, 212 p. :
_bgráfs., tbls.
_3Impreso
490 0 _aMemorias de la represión ;
_vv.10
520 _aEl volumen forma parte de la serie: Memorias de la Represión, que pone a disposición del público los resultados de un programa desarrollado por el Panel regional de América Latina, del Social Science Research Council, con el próposito de promover la investigación y la formación de investigadores sobre las memorias de la represión política en el Cono Sur.
650 4 _aAMERICA LATINA
650 4 _aANALISIS HISTORICO
650 4 _aARGENTINA
650 4 _aASPECTOS POLITICOS
650 4 _aAUTORITARISMO
650 4 _aCHILE
650 4 _aCONCIENTIZACION
650 4 _aDERECHOS HUMANOS
650 4 _aDICTADURA
650 4 _aFUERZAS ARMADAS
650 4 _aHISTORIA
650 4 _aURUGUAY
651 4 _aAmérica Latina
653 _aMAES
653 _aREPRESION
700 1 _aAgüero, Felipe
_ecomp.
905 _a23146
942 _cLIB
999 _c51970
_d51970